=LDR 00000nam 2200000 4500 =001 INLIS000000000809798 =008 ###################################ind## =035 ##$$a 0010-0825000291 =245 ##$$a Metode Penelitian Tindakan Kelas / $c Rochiati Wiriaatmadja =260 ##$$b Rosda =020 ##$$a 9796925176 =084 ##$$a 006.6 DJA m =520 ##$$a Penelitian : metode-metode penelitian =082 ##$$a 006.6